| 000 | 00688nam a2200229 a 4500 | ||
|---|---|---|---|
| 001 | 19457 | ||
| 003 | CO-ViMGA | ||
| 008 | 141112s2004 ck r 000 u spa d | ||
| 020 | _a958682098X | ||
| 040 |
_aCO-ViMGA _bspa _cCO-ViMGA |
||
| 082 | 0 | 4 | _aMEVIGACOM.3 M656t |
| 100 | 1 |
_aMonroy Olivares, Cesar _928026 |
|
| 245 | 1 | 0 | _aTeoría del caos |
| 260 |
_aBogotá : _bAlfaomega; 1998 |
||
| 300 | _a186 p. + disquete | ||
| 490 | _aTecnologías emergentes de computo | ||
| 590 |
_aForma de adquisición : Proyecto 2005 - - Precio : _28.800 |
||
| 650 | 1 | 4 |
_aMETODOS DE SIMULACION _928027 |
| 650 | 1 | 4 |
_aSIMULACION POR COMPUTADOR _917243 |
| 650 | 1 | 4 |
_aTEORIA DEL CAOS _928028 |
| 942 |
_2ddc _cBK |
||
| 999 |
_c28599 _d28599 |
||